| 000 | 00854cam a2200289 a 4500 | ||
|---|---|---|---|
| 999 |
_c4663 _d4663 |
||
| 001 | 834179 | ||
| 003 | OSt | ||
| 005 | 20250307092505.0 | ||
| 008 | 130220s2001 enk 000 1 eng | ||
| 020 | _a1860498809 | ||
| 020 | _a9781860498800 | ||
| 040 |
_aUKM _beng _cUKM _dOCLCQ _dYDXCP _dOCLCG _dPVY _dKH8 |
||
| 042 | _anbic | ||
| 050 | 0 |
_aPR9199.3.A8 _bB55 2001 |
|
| 082 | 0 | _aFIC ATW | |
| 100 | 1 |
_aAtwood, Margaret, _d1939- _eauthor. |
|
| 245 | 1 | 4 |
_aThe blind assassin / _cby Margaret Atwood. |
| 260 |
_aLondon : _bVirago, _c2001, c2000. |
||
| 300 |
_a641 p. ; _c20 cm. |
||
| 500 | _aOriginally published: London: Bloomsbury, 2000. | ||
| 600 | 1 | 0 |
_aAtwood, Margaret, _d1939- _tBlind assassin. |
| 650 | 0 |
_aSisters _vFiction. |
|
| 650 | 0 |
_aReminiscing in old age _vFiction. |
|
| 650 | 0 |
_aBetrayal _vFiction. |
|
| 740 | 0 | _a盲眼刺客 | |
| 942 |
_2ddc _cFIC |
||